000 00516nam a2200169 i 4500
001 41037
003 ES-MaACL
005 20230906160348.0
007 t|
008 030307s1973 sp ||||1| spa d
100 1 _aCarter, Charles H.
_935881
245 1 0 _aRetraso mental en el niño /
_cCharles H. Carter ; [versión J.L. Marti Vilalta].
260 _aBarcelona :
_bJims,
_c[1973]
300 _aXI, 307 p. :
_bil. ;
_c25 cm.
700 1 _aMarti-Vilalta, José Luis.
_977242
852 _aES-MaACL
_jC-53769
_bR.86605
999 _c41037
_d41037